| 000 -LEADER |
| fixed length control field |
00952nam a22002777a 4500 |
| 001 - CONTROL NUMBER |
| control field |
8114 |
| 003 - CONTROL NUMBER IDENTIFIER |
| control field |
BD-DhUAP |
| 005 - DATE AND TIME OF LATEST TRANSACTION |
| control field |
20201201125616.0 |
| 008 - FIXED-LENGTH DATA ELEMENTS--GENERAL INFORMATION |
| fixed length control field |
201201s1991 paua b 001 0 eng c |
| 020 ## - INTERNATIONAL STANDARD BOOK NUMBER |
| International Standard Book Number |
0397508778 |
| 040 ## - CATALOGING SOURCE |
| Original cataloging agency |
DNLM/DLC |
| Transcribing agency |
DLC |
| Modifying agency |
BD-DhUAP |
| Language of cataloging |
Eng |
| 082 00 - DEWEY DECIMAL CLASSIFICATION NUMBER |
| Edition number |
23 |
| Classification number |
615.19 WIL |
| 100 ## - MAIN ENTRY--PERSONAL NAME |
| Personal name |
Wilson, Charles Owens. |
| 245 00 - TITLE STATEMENT |
| Title |
Wilson and Gisvold's textbook of organic medicinal and pharmaceutical chemistry / |
| Statement of responsibility, etc. |
Charles Owens Wilson and Ole Gisvold ; edited by Jaime N. Delgado and William A. Remers. |
| 250 ## - EDITION STATEMENT |
| Edition statement |
9th ed. |
| 260 ## - PUBLICATION, DISTRIBUTION, ETC. |
| Place of publication, distribution, etc. |
Philadelphia : |
| Name of publisher, distributor, etc. |
J. B. Lippincott, |
| Date of publication, distribution, etc. |
c1991. |
| 300 ## - PHYSICAL DESCRIPTION |
| Extent |
xi, 909 pages : |
| Other physical details |
illustrations ; |
| Dimensions |
29 cm. |
| 504 ## - BIBLIOGRAPHY, ETC. NOTE |
| Bibliography, etc. note |
Includes bibliographical references and index. |
| 650 #0 - SUBJECT ADDED ENTRY--TOPICAL TERM |
| Topical term or geographic name entry element |
Pharmaceutical chemistry. |
| 650 #0 - SUBJECT ADDED ENTRY--TOPICAL TERM |
| Topical term or geographic name entry element |
Chemistry, Organic. |
| 650 12 - SUBJECT ADDED ENTRY--TOPICAL TERM |
| Topical term or geographic name entry element |
Chemistry, Pharmaceutical. |
| 700 1# - ADDED ENTRY--PERSONAL NAME |
| Personal name |
Gisvold, Ole. |
| 700 1# - ADDED ENTRY--PERSONAL NAME |
| Personal name |
Delgado, Jaime N. |
| 700 1# - ADDED ENTRY--PERSONAL NAME |
| Personal name |
Remers, William A. |
| 942 ## - ADDED ENTRY ELEMENTS (KOHA) |
| Source of classification or shelving scheme |
|
| Koha item type |
Book |